[Event "4NCL Division 4 South"]
[Site "Maidenhead, ENG"]
[Date "2019.11.09"]
[Round "1.53"]
[White "Green, George D A"]
[Black "Kouis, Marios"]
[Result "0-1"]
[WhiteElo "1570"]
[BlackElo "1771"]
[PlyCount "90"]
[EventDate "2019.11.09"]
[WhiteTeam "The Pitstop"]
[BlackTeam "Celtic Tigers 2"]

1. Nf3 Nf6 2. c4 g6 3. Nc3 Bg7 4. g3 d6 5. Bg2 O-O 6. O-O e5 7. d4 Nc6 8. dxe5
dxe5 9. Qxd8 Rxd8 10. Bg5 Be6 11. Bxf6 Bxf6 12. Ne4 Be7 13. b3 h6 14. Rfd1 f5
15. Nc3 e4 16. Nd2 Rd7 17. Nf1 Rad8 18. Rxd7 Rxd7 19. Rd1 Nd4 20. Ne3 c6 21.
Kf1 Bb4 22. Ncd5 cxd5 23. Rxd4 Bc5 24. Rd1 Bxe3 25. fxe3 dxc4 26. Rxd7 Bxd7 27.
bxc4 Be6 28. g4 Kg7 29. Ke1 Bxc4 30. a3 b5 31. Kd2 a5 32. gxf5 gxf5 33. Bf1 b4
34. axb4 axb4 35. Bh3 Kf6 36. Kc2 Ke5 37. Kd2 Be6 38. Kc2 Kd5 39. Kb2 Kc4 40.
Bf1 Kc5 41. Bg2 Kd6 42. Bh3 Ke5 43. Bf1 f4 44. Bg2 Bc4 45. Bh3 f3 0-1

[Event "4NCL Division 4 South"]
[Site "Maidenhead, ENG"]
[Date "2019.11.09"]
[Round "1.54"]
[White "Hoong, Jonathan"]
[Black "Carter, John P"]
[Result "0-1"]
[WhiteElo "1780"]
[BlackElo "1566"]
[PlyCount "68"]
[EventDate "2019.11.09"]
[WhiteTeam "Celtic Tigers 2"]
[BlackTeam "The Pitstop"]

1. e4 e5 2. Nf3 Nc6 3. Bc4 Nf6 4. d3 Bc5 5. c3 h6 6. O-O d6 7. h3 Bd7 8. Nbd2
O-O 9. b4 Bb6 10. Bb3 a5 11. b5 Ne7 12. a4 Ng6 13. Nc4 Be6 14. Nxb6 Bxb3 15.
Qxb3 cxb6 16. Re1 d5 17. exd5 Qxd5 18. c4 Qe6 19. Bb2 Nd7 20. Re2 Qf5 21. Rae1
Nf4 22. Rd2 Nxh3+ 23. gxh3 Qxf3 24. Bxe5 Nxe5 25. Rxe5 Qxh3 26. Qd1 Rae8 27.
Rxe8 Rxe8 28. d4 Re6 29. Rd3 Rg6+ 30. Rg3 Rxg3+ 31. fxg3 Qxg3+ 32. Kf1 Qc3 33.
Qe2 Qxd4 34. Qe8+ Kh7 0-1

[Event "4NCL Division 4 South"]
[Site "Maidenhead, ENG"]
[Date "2019.11.09"]
[Round "1.55"]
[White "Sloan, Hamish"]
[Black "Goodacre, John"]
[Result "0-1"]
[WhiteElo "1516"]
[BlackElo "1825"]
[PlyCount "84"]
[EventDate "2019.11.09"]
[WhiteTeam "The Pitstop"]
[BlackTeam "Celtic Tigers 2"]

1. e4 c5 2. Nf3 d6 3. d4 cxd4 4. Nxd4 Nf6 5. Nc3 a6 6. Be2 e5 7. Nb3 Be7 8. Be3
Be6 9. Qd2 Nbd7 10. f3 Qc7 11. O-O O-O 12. g4 b5 13. Nd5 Bxd5 14. exd5 Nb6 15.
Bxb6 Qxb6+ 16. Kg2 a5 17. a4 b4 18. Bb5 e4 19. fxe4 Nxg4 20. Rfe1 f5 21. h3 Ne5
22. Qd4 Qc7 23. c3 f4 24. c4 Bh4 25. Rh1 Qf7 26. Nd2 Qg6+ 27. Kf1 Qg3 28. Rd1
Nf3 29. Nxf3 Qxf3+ 30. Kg1 Qg3+ 31. Kf1 f3 32. Qg1 Qg2+ 33. Qxg2 fxg2+ 34. Kxg2
Rf2+ 35. Kg1 Raf8 36. Rh2 Rxh2 37. Kxh2 Rf2+ 38. Kg1 Rxb2 39. e5 Bf2+ 40. Kf1
Bc5 41. e6 Rf2+ 42. Kg1 Rd2+ 0-1

[Event "4NCL Division 4 South"]
[Site "Maidenhead, ENG"]
[Date "2019.11.09"]
[Round "1.56"]
[White "Portheault, Benjamin"]
[Black "Fernando, Manel"]
[Result "0-1"]
[WhiteElo "1550"]
[BlackElo "1476"]
[PlyCount "99"]
[EventDate "2019.11.09"]
[WhiteTeam "Celtic Tigers 2"]
[BlackTeam "The Pitstop"]

1. b3 e5 2. Bb2 d6 3. c4 Nc6 4. Nc3 Nf6 5. g3 Be7 6. Bg2 O-O 7. Nf3 Re8 8. O-O
Bf5 9. d4 exd4 10. Nxd4 Qd7 11. Nxf5 Qxf5 12. Nb5 Qd7 13. Nd4 Rad8 14. Nxc6
bxc6 15. e4 Qe6 16. Qc2 Nd7 17. Rfe1 Bf6 18. Re2 Nc5 19. Rae1 Bxb2 20. Qxb2 Nd3
21. Qd2 Nxe1 22. Qxe1 d5 23. c5 Qe5 24. b4 f5 25. f3 fxe4 26. fxe4 Re7 27. Qd1
Rde8 28. Qb3 Kh8 29. Re3 Qa1+ 30. Kf2 Qd4 31. Ke2 Rf8 32. Qc3 Qxc3 33. Rxc3
dxe4 34. Re3 Ref7 35. Bxe4 Rf2+ 36. Kd3 Rxa2 37. Kc4 Re8 38. h3 Ra4 39. Kb3 Ra1
40. g4 a5 41. bxa5 Rxa5 42. Kb4 Ra1 43. Kb3 g6 44. Kb2 Ra5 45. Kc2 Rxc5+ 46.
Kd3 Rce5 47. Re1 c5 48. h4 c4+ 49. Kd4 c5+ 50. Ke3 0-1

[Event "4NCL Division 4 South"]
[Site "Maidenhead, ENG"]
[Date "2019.11.09"]
[Round "1.61"]
[White "Pink, Joshua"]
[Black "Jones, Robert L"]
[Result "1-0"]
[WhiteElo "2057"]
[BlackElo "1766"]
[PlyCount "67"]
[EventDate "2019.11.09"]
[WhiteTeam "Throw in the Tal"]
[BlackTeam "Iceni 3"]

1. e4 e5 2. Nf3 Nc6 3. Bc4 Nf6 4. Ng5 d5 5. exd5 Na5 6. d3 h6 7. Nf3 Bd6 8. Nc3
O-O 9. Qe2 Bg4 10. h3 Bh5 11. g4 Bg6 12. Bd2 Nxc4 13. dxc4 Re8 14. O-O-O a5 15.
Rdg1 Nd7 16. h4 e4 17. Nd4 Be5 18. Nf5 Bxc3 19. Bxc3 f6 20. Nd4 Nf8 21. Qe3 Qd7
22. g5 fxg5 23. hxg5 h5 24. Rh4 Qa4 25. b3 Qd7 26. Rgh1 Qf7 27. Rf4 Qd7 $11 28.
Qe2 c5 29. Nb5 b6 30. Rxh5 Bxh5 31. Qxh5 Nh7 32. g6 Nf6 33. Rxf6 gxf6 34. Bxf6
1-0

[Event "4NCL Division 4 South"]
[Site "Maidenhead, ENG"]
[Date "2019.11.09"]
[Round "1.62"]
[White "Usher, Michael E"]
[Black "Ireland, David J"]
[Result "0-1"]
[WhiteElo "1713"]
[BlackElo "1960"]
[PlyCount "62"]
[EventDate "2019.11.09"]
[WhiteTeam "Iceni 3"]
[BlackTeam "Throw in the Tal"]

1. d4 Nf6 2. Nc3 d5 3. Bf4 Bf5 4. f3 c5 5. e3 Nc6 6. g4 Bg6 7. a3 cxd4 8. exd4
e6 9. h4 h6 10. Bd3 Bxd3 11. Qxd3 Bd6 12. Nge2 Bxf4 13. Nxf4 a6 14. O-O-O Qd6
15. Nfe2 Na5 16. g5 Nd7 17. f4 O-O-O 18. Qf3 Nc4 19. Rd3 b5 20. Na2 Kb7 21.
Nec3 Ndb6 22. Kb1 Rc8 23. Rg1 hxg5 24. hxg5 Rh2 25. Rgd1 Nxb2 26. Kxb2 Nc4+ 27.
Ka1 Qxa3 28. Na4 Qxa4 29. Rc1 Rxc2 30. Rxc2 Qxc2 31. Rb3 Nd2 0-1

[Event "4NCL Division 4 South"]
[Site "Maidenhead, ENG"]
[Date "2019.11.09"]
[Round "1.63"]
[White "Riou-Durand, Lionel"]
[Black "Carter, Dominic A"]
[Result "1/2-1/2"]
[WhiteElo "1950"]
[BlackElo "1663"]
[PlyCount "114"]
[EventDate "2019.11.09"]
[WhiteTeam "Throw in the Tal"]
[BlackTeam "Iceni 3"]

1. e4 e5 2. Nf3 Nc6 3. Bc4 Bc5 4. b4 Bxb4 5. c3 Ba5 6. d4 exd4 7. O-O Nge7 8.
cxd4 O-O 9. Bb2 d5 10. exd5 Nxd5 11. Qb3 Be6 12. Ba3 Re8 13. Qxb7 Ndb4 14. Bxb4
Nxb4 15. Bxe6 Rxe6 16. Qb5 c6 17. Qa4 Nd5 18. Na3 Bc7 19. Rac1 Qf6 20. Nc4 Nf4
21. Nce5 Ne2+ 22. Kh1 Nxc1 23. Rxc1 Bxe5 24. dxe5 Qh6 25. Rd1 Ree8 26. h3 Red8
27. Re1 Re8 28. Nd4 Qf4 29. e6 Rxe6 30. Rxe6 Qc1+ 31. Kh2 fxe6 32. Nxc6 Qc5 33.
Qe4 Qd6+ 34. g3 Rf8 35. Kg2 Kh8 36. Nxa7 Qb6 37. Qe3 Qxe3 38. fxe3 Ra8 39. Nc6
Rxa2+ 40. Kf3 Kg8 41. Ne5 Kf8 42. h4 Ke7 43. Ng4 Kd6 44. Nf2 Kd5 45. Nd3 Ra3
46. Nf4+ Ke5 47. g4 g6 48. Nh3 Ra8 49. Ke2 h6 50. Nf2 g5 51. hxg5 hxg5 52. Nh3
Kf6 53. Kf3 Ra1 54. Nf2 Rf1 55. Kg2 Ra1 56. Ne4+ Kg6 57. Kf3 Rf1+ 1/2-1/2

[Event "4NCL Division 4 South"]
[Site "Maidenhead, ENG"]
[Date "2019.11.09"]
[Round "1.64"]
[White "Balakrishnan, Kathirvel"]
[Black "Goodwin, Ed H"]
[Result "0-1"]
[WhiteElo "1578"]
[BlackElo "1922"]
[PlyCount "58"]
[EventDate "2019.11.09"]
[WhiteTeam "Iceni 3"]
[BlackTeam "Throw in the Tal"]

1. d4 e6 2. e3 f5 3. Bd3 Nf6 4. Nf3 b6 5. Nbd2 Bb7 6. Qe2 Ne4 7. Bxe4 fxe4 8.
Ne5 Qh4 9. Qg4 Qxg4 10. Nxg4 d6 11. f4 exf3 12. Nxf3 Be7 13. Nf2 O-O 14. Ke2
Nd7 15. Nd3 Rae8 16. Rg1 Bf6 17. c3 e5 18. Nd2 exd4 19. cxd4 Bxd4 20. Nf3 Bf6
21. Bd2 Ba6 22. Bc3 Bxc3 23. bxc3 Nc5 24. Nfe1 Ne4 25. Nf3 Nxc3+ 26. Kd2 Ne4+
27. Kc2 Bxd3+ 28. Kxd3 Nc5+ 29. Kd2 Re7 0-1

[Event "4NCL Division 4 South"]
[Site "Maidenhead, ENG"]
[Date "2019.11.09"]
[Round "1.65"]
[White "Davidson, Laura"]
[Black "John, Amy"]
[Result "1/2-1/2"]
[WhiteElo "1735"]
[BlackElo "1480"]
[PlyCount "47"]
[EventDate "2019.11.09"]
[WhiteTeam "Throw in the Tal"]
[BlackTeam "Iceni 3"]

1. e4 e5 2. Nf3 Nc6 3. d4 exd4 4. Nxd4 Bc5 5. Be3 Be7 6. Nxc6 dxc6 7. Bd3 Nf6
8. h3 O-O 9. O-O h6 10. f4 b6 11. Nd2 Bb7 12. Qe2 a5 13. Rad1 Re8 14. Nf3 Qc8
15. Nd2 c5 16. Qf2 Kf8 17. f5 Bd6 18. Qh4 Be5 19. c3 Ng8 20. Nf3 Bf6 21. Qg4
Bc6 22. Nd2 Qb7 23. Rde1 Rad8 24. Bc2 1/2-1/2

[Event "4NCL Division 4 South"]
[Site "Maidenhead, ENG"]
[Date "2019.11.09"]
[Round "1.66"]
[White "Kent, Rowan"]
[Black "Woolgar, Steven G"]
[Result "1/2-1/2"]
[WhiteElo "1193"]
[BlackElo "1669"]
[PlyCount "119"]
[EventDate "2019.11.09"]
[WhiteTeam "Iceni 3"]
[BlackTeam "Throw in the Tal"]

1. e4 c5 2. Nf3 d6 3. d4 cxd4 4. Nxd4 Nf6 5. Nc3 a6 6. Be3 e5 7. Nf3 Be6 8. h3
Be7 9. Be2 Nc6 10. O-O O-O 11. Ng5 d5 12. exd5 Bxd5 13. Qd3 h6 14. Nxd5 Qxd5
15. Nf3 Qxd3 16. cxd3 Rfd8 17. Rac1 Rd7 18. Rfd1 Rad8 19. Bb6 Re8 20. a3 Nd5
21. Be3 Bd6 22. Rc4 $11 Nf4 23. Bxf4 exf4 24. Re4 Rde7 25. Kf1 Bc7 26. Rxe7
Rxe7 27. d4 Bd6 28. d5 Ne5 29. Nxe5 Rxe5 30. Bd3 f5 31. Re1 g6 32. a4 Kg7 33.
Rxe5 Bxe5 34. b3 Kf8 35. Ke2 Ke7 36. Bc4 Kd6 37. Kd3 Kc5 38. Ke2 a5 39. Kd1 g5
40. f3 b6 41. Ke2 Kd4 42. Kd2 Bd6 43. Ke2 Bc5 44. Kd2 h5 45. Ke2 Ke5 46. Kd3 g4
47. h4 Be7 48. Ke2 Kd6 49. Kf1 Bxh4 50. Kg1 Bf6 51. Kf1 Ke5 52. Kf2 h4 53. Ke2
Kd4 54. d6 Ke5 55. d7 Be7 56. Bf7 g3 57. Bg6 Kf6 58. Bh7 Bd8 59. Kf1 Ke5 60.
Ke2 1/2-1/2

[Event "4NCL Division 4 South"]
[Site "Maidenhead, ENG"]
[Date "2019.11.09"]
[Round "1.71"]
[White "Campbell, Mark C"]
[Black "Trivedi, Aarnavh"]
[Result "1/2-1/2"]
[WhiteElo "1891"]
[BlackElo "1754"]
[PlyCount "66"]
[EventDate "2019.11.09"]
[WhiteTeam "Cambridge University 3"]
[BlackTeam "Poisoned Pawns - Next Generation"]

1. e4 c6 2. d4 d5 3. e5 Bf5 4. Nf3 e6 5. Be2 c5 6. c3 Nc6 7. O-O Rc8 8. a3 h6
9. Be3 Qb6 10. b4 c4 11. Nh4 Bh7 12. f4 Be7 13. Qe1 Bxh4 14. Qxh4 Nge7 15. Nd2
Kd7 16. Qh3 Rcg8 17. Bh5 Bf5 18. Qf3 g6 19. Bg4 h5 20. Bh3 Bxh3 21. Qxh3 Nf5
22. Bf2 Nce7 23. Nf3 Nh6 24. Bh4 Ng4 25. Bxe7 Kxe7 26. Qh4+ Ke8 27. a4 Qc7 28.
a5 Qe7 29. Qxe7+ Kxe7 30. Rfe1 h4 31. Ng5 Nh6 32. Kf2 Nf5 33. Re2 Rc8 1/2-1/2

[Event "4NCL Division 4 South"]
[Site "Maidenhead, ENG"]
[Date "2019.11.09"]
[Round "1.72"]
[White "Srivastava, Arnav"]
[Black "Patel, Rishi"]
[Result "0-1"]
[WhiteElo "1683"]
[BlackElo "1831"]
[PlyCount "104"]
[EventDate "2019.11.09"]
[WhiteTeam "Poisoned Pawns - Next Generation"]
[BlackTeam "Cambridge University 3"]

1. d4 Nf6 2. c4 e6 3. Nf3 c5 4. d5 d6 5. Nc3 Be7 6. e4 O-O 7. Be2 Nbd7 8. O-O
Re8 9. Bf4 Nf8 10. Bd3 Ng6 11. Bg3 Nh5 12. Ne1 Nxg3 13. hxg3 Bf6 14. Qd2 e5 15.
f4 exf4 16. gxf4 Bd4+ 17. Rf2 Qh4 18. Nf3 Bxf2+ 19. Qxf2 Qxf2+ 20. Kxf2 Nxf4
21. Bc2 Bd7 22. a3 Ng6 23. b4 b6 24. Rb1 Ne5 25. bxc5 dxc5 26. Nd2 f5 27. Re1
Rf8 28. Kg1 Rae8 29. exf5 Bxf5 30. Ba4 Nd7 31. Rf1 Re7 32. d6 Re3 33. Nd5 Re5
34. Ne7+ Rxe7 35. dxe7 Re8 36. Rxf5 Rxe7 37. Bc6 g6 38. Rd5 Nf6 39. Rd8+ Kf7
40. Nf3 Re3 41. a4 h6 42. Kf2 Re7 43. Nd2 h5 44. Kf3 Ng4 45. Bd5+ Kf6 46. Ne4+
Ke5 47. Rg8 Kd4 48. Kf4 Ne3 49. Rxg6 Nxd5+ 50. cxd5 Rxe4+ 51. Kg5 Re5+ 52. Kh4
Kxd5 0-1

[Event "4NCL Division 4 South"]
[Site "Maidenhead, ENG"]
[Date "2019.11.09"]
[Round "1.73"]
[White "Phillips, William"]
[Black "Zheng, Harry Z"]
[Result "1-0"]
[WhiteElo "1893"]
[BlackElo "1780"]
[PlyCount "79"]
[EventDate "2019.11.09"]
[WhiteTeam "Cambridge University 3"]
[BlackTeam "Poisoned Pawns - Next Generation"]

1. d4 Nf6 2. Nf3 e6 3. g3 b6 4. Bg2 Bb7 5. O-O c5 6. c3 Be7 7. dxc5 Bxc5 8. b4
Be7 9. Bb2 O-O 10. a3 d5 11. Nbd2 Qc7 12. Rc1 b5 13. Nb3 Nbd7 14. Nfd4 a6 15.
Na5 Nb6 16. Nxb7 Qxb7 17. Rc2 Rac8 18. e3 Qc7 19. Qd3 Nc4 20. Ne2 Rfd8 21. Ra1
Nb6 22. h3 Na4 23. Rac1 h6 24. f4 Ne8 25. e4 dxe4 26. Qxe4 Nd6 27. Qf3 Nc4 28.
Ba1 Nxa3 29. Ra2 Nc4 30. Qb7 Qd6 31. Nd4 Rc7 32. Qe4 Rdc8 33. Bf1 e5 34. Nf5
Qb6+ 35. Kh1 Bf6 36. Bd3 Rd8 37. Ne7+ Kf8 38. Nd5 Nd6 39. Qh7 Qb7 40. Qh8# 1-0

[Event "4NCL Division 4 South"]
[Site "Maidenhead, ENG"]
[Date "2019.11.09"]
[Round "1.74"]
[White "Dharmasena, Gavith"]
[Black "O'shea, Colm"]
[Result "1-0"]
[WhiteElo "1706"]
[BlackElo "1689"]
[PlyCount "107"]
[EventDate "2019.11.09"]
[WhiteTeam "Poisoned Pawns - Next Generation"]
[BlackTeam "Cambridge University 3"]

1. e4 c5 2. Nf3 d6 3. d4 cxd4 4. Nxd4 Nf6 5. Nc3 g6 6. Be3 Bg7 7. f3 O-O 8. Qd2
Nc6 9. Bc4 Bd7 10. O-O-O Rc8 11. Bb3 Ne5 12. h4 h5 13. Rdg1 Nc4 14. Bxc4 Rxc4
15. g4 Qa5 16. Nb3 Qc7 17. gxh5 Nxh5 18. Nd5 Qd8 19. Bh6 e6 20. Bxg7 Kxg7 21.
Nf4 Nxf4 22. Qxf4 Qf6 23. Qe3 Rfc8 24. Rg2 Kf8 25. h5 gxh5 26. Rxh5 e5 27. Rh6
Qf4 28. Qxf4 exf4 29. Rxd6 Ke7 30. Rd3 Rh8 31. c3 Be6 32. Nd4 Rh4 33. Nxe6 Kxe6
34. Rgd2 Rc7 35. Rd5 Rh3 36. R2d3 Rh2 37. Rf5 Rh4 38. Rdd5 Ke7 39. Rh5 Rxh5 40.
Rxh5 Rc6 41. Rf5 Ra6 42. a3 Rh6 43. Rxf4 Ke6 44. Rf5 Rh2 45. Kb1 Rf2 46. Ka2 b6
47. a4 a5 48. Ka3 f6 49. b4 axb4+ 50. cxb4 Rd2 51. Kb3 Rd3+ 52. Kc4 Rd6 53. Rd5
Rc6+ 54. Kb5 1-0

[Event "4NCL Division 4 South"]
[Site "Maidenhead, ENG"]
[Date "2019.11.09"]
[Round "1.75"]
[White "Breed, Greg J"]
[Black "Dharmasena, Kian"]
[Result "0-1"]
[WhiteElo "1767"]
[BlackElo "1584"]
[PlyCount "82"]
[EventDate "2019.11.09"]
[WhiteTeam "Cambridge University 3"]
[BlackTeam "Poisoned Pawns - Next Generation"]

1. d4 Nf6 2. Bf4 d5 3. e3 c5 4. c3 Qb6 5. Qb3 c4 6. Qxb6 axb6 7. Nf3 e6 8. Be2
b5 9. O-O b4 10. cxb4 Bxb4 11. a3 Nc6 12. Nbd2 Be7 13. Rfc1 Bd7 14. Ne5 Nxe5
15. dxe5 Ng8 16. e4 Bf8 17. exd5 exd5 18. Be3 Ne7 19. b3 cxb3 20. Nxb3 Nc6 21.
f4 Ra4 22. g3 Bxa3 23. Bc5 Bxc5+ 24. Nxc5 Rxa1 25. Rxa1 Ke7 $11 26. Bf3 Be6 27.
Rd1 b6 28. Nb7 f6 29. exf6+ gxf6 30. Bxd5 Bxd5 31. Rxd5 Rb8 32. Rh5 Kd7 33.
Rxh7+ Ne7 34. h4 Rxb7 35. h5 b5 36. Rf7 b4 37. h6 b3 38. h7 Rb8 39. Rxf6 b2 40.
h8=Q b1=Q+ 41. Kf2 Rxh8 0-1

[Event "4NCL Division 4 South"]
[Site "Maidenhead, ENG"]
[Date "2019.11.09"]
[Round "1.76"]
[White "Zheng, Jerry Z"]
[Black "Ivan, Austin"]
[Result "1-0"]
[WhiteElo "1583"]
[BlackElo "1300"]
[PlyCount "115"]
[EventDate "2019.11.09"]
[WhiteTeam "Poisoned Pawns - Next Generation"]
[BlackTeam "Cambridge University 3"]

1. e4 c5 2. Nf3 e6 3. d4 cxd4 4. Nxd4 a6 5. Nc3 Qc7 6. Be3 b5 7. Bd3 Bb7 8. O-O
Nf6 9. a3 d5 10. exd5 Nxd5 11. Nxd5 Bxd5 12. f3 Bd6 13. h3 Nc6 14. Qd2 Nxd4 15.
Bxd4 Bf4 16. Qf2 Bh2+ 17. Kh1 Bg3 18. Qd2 e5 19. Bf2 Bf4 20. Qb4 Qe7 21. Qxe7+
Kxe7 22. Rfe1 Kd6 23. Rad1 Rac8 24. Be4 Ke7 25. Rxd5 Ke6 26. Red1 f5 27. Rd6+
Ke7 28. Bxf5 Rcf8 29. Be4 Rd8 30. Rxd8 Rxd8 31. Rxd8 Kxd8 32. Bxh7 Bc1 33. Kh2
Bxb2 34. Bc5 Bd4 35. Bxd4 exd4 36. Kg3 Ke7 37. Kf4 Kf7 38. Bd3 Ke6 39. Ke4 g5
40. Kxd4 Kd6 41. g3 Kc6 42. h4 gxh4 43. gxh4 a5 44. c3 Kd6 45. h5 Ke7 46. h6
Kf7 47. f4 b4 48. cxb4 axb4 49. axb4 Kf6 50. b5 Kf7 51. b6 Kf6 52. b7 Ke6 53.
b8=Q Kf6 54. Qe5+ Kf7 55. h7 Kf8 56. h8=R+ Kf7 57. Bc4+ Kg6 58. Qg5# 1-0

[Event "4NCL Division 4 South"]
[Site "Maidenhead, ENG"]
[Date "2019.11.09"]
[Round "1.81"]
[White "Rathbone-Jones, Ifan"]
[Black "Shearsby, Jude"]
[Result "1-0"]
[WhiteElo "2042"]
[BlackElo "1757"]
[PlyCount "59"]
[EventDate "2019.11.09"]
[WhiteTeam "Fischer's Catch"]
[BlackTeam "Warwickshire Select 3"]

1. d4 e6 2. Bf4 f5 3. e4 fxe4 4. d5 Nf6 5. dxe6 dxe6 6. Qxd8+ Kxd8 7. Nc3 Nd5
8. O-O-O c6 9. Nxe4 Ke8 10. Bg5 Be7 11. Bxe7 Kxe7 12. c4 Nf6 13. Bd3 Nbd7 14.
Nf3 Nxe4 15. Bxe4 Nc5 16. Rhe1 Nxe4 17. Rxe4 Bd7 18. Ng5 Rhf8 19. f4 h6 20. Nf3
Rf6 21. Ne5 Be8 $11 22. h4 c5 23. Ng4 Rf8 24. Rde1 Bd7 25. Ne5 Rf6 26. g4 Raf8
27. g5 hxg5 28. hxg5 Be8 29. gxf6+ gxf6 30. Nd3 1-0

[Event "4NCL Division 4 South"]
[Site "Maidenhead, ENG"]
[Date "2019.11.09"]
[Round "1.82"]
[White "Chen, Daniel Xingyu"]
[Black "Sivarajasingam, Shayanna"]
[Result "1/2-1/2"]
[WhiteElo "1705"]
[BlackElo "1762"]
[PlyCount "63"]
[EventDate "2019.11.09"]
[WhiteTeam "Warwickshire Select 3"]
[BlackTeam "Fischer's Catch"]

1. e4 e6 2. d3 d5 3. Nd2 dxe4 4. Nxe4 Nd7 5. Be3 Ngf6 6. Nxf6+ Nxf6 7. Nf3 Be7
8. Be2 O-O 9. O-O b6 10. h3 Bb7 11. Nh2 c5 12. Bf3 Bxf3 13. Qxf3 Qd5 14. Qxd5
Nxd5 15. Bd2 Bf6 16. Rab1 Rfd8 17. Ng4 Be7 18. a3 Rac8 19. Ne3 Nxe3 20. Bxe3
Bf6 21. Rfd1 h6 22. Kf1 Bd4 23. Ke2 Bxe3 24. fxe3 e5 25. Rbc1 Kf8 26. Rd2 Ke7
27. b3 Rd7 28. e4 f6 29. Rf1 Rcd8 30. Rfd1 Rc8 31. Rf1 Rcd8 32. Rb1 1/2-1/2

[Event "4NCL Division 4 South"]
[Site "Maidenhead, ENG"]
[Date "2019.11.09"]
[Round "1.83"]
[White "Chong, Kimberly"]
[Black "Monga, Kanav"]
[Result "1-0"]
[WhiteElo "1767"]
[BlackElo "1645"]
[PlyCount "67"]
[EventDate "2019.11.09"]
[WhiteTeam "Fischer's Catch"]
[BlackTeam "Warwickshire Select 3"]

1. e4 c5 2. c3 d5 3. exd5 Qxd5 4. d4 e6 5. Nf3 Nc6 6. Be2 Nf6 7. O-O Be7 8. Ng5
h6 9. Bf3 Qd6 10. Ne4 Nxe4 11. Bxe4 Bg5 12. f4 Bf6 13. d5 exd5 14. Bxd5 O-O 15.
Bxf7+ Rxf7 16. Qxd6 Bd8 17. Be3 Rf6 18. Qd1 b6 19. f5 Bb7 20. Nd2 Ne5 21. b4
Ba6 22. b5 Bb7 23. Qb3+ Kh8 24. c4 Be7 25. Bf4 Rxf5 26. g4 Nxg4 27. h3 Rh5 28.
hxg4 Rh1+ 29. Kf2 Bh4+ 30. Bg3 Rh2+ 31. Ke1 Re8+ 32. Kd1 Bxg3 33. Qxg3 Rg2 34.
Qc7 1-0

[Event "4NCL Division 4 South"]
[Site "Maidenhead, ENG"]
[Date "2019.11.09"]
[Round "1.84"]
[White "Pillay, Shriya"]
[Black "Sivarajasingam, Venetia"]
[Result "0-1"]
[WhiteElo "1570"]
[BlackElo "1766"]
[PlyCount "56"]
[EventDate "2019.11.09"]
[WhiteTeam "Warwickshire Select 3"]
[BlackTeam "Fischer's Catch"]

1. d4 d5 2. c4 e6 3. Nc3 Be7 4. Nf3 Nf6 5. Bf4 O-O 6. e3 Nbd7 7. cxd5 exd5 8.
Bd3 c6 9. O-O Re8 10. Qc2 Nf8 11. h3 Ng6 12. Bh2 Be6 13. Rfe1 Qc8 14. Ng5 Bd7
15. Rac1 Nh5 16. f4 Bd6 17. Qf2 Nf6 18. e4 dxe4 19. Ncxe4 Nxe4 20. Nxe4 Bb4 21.
Re3 Qd8 22. f5 Ne7 23. a3 Nxf5 24. Rf3 Bf8 25. Rxf5 Bxf5 26. Qxf5 Qxd4+ 27. Nf2
g6 28. b4 gxf5 0-1

[Event "4NCL Division 4 South"]
[Site "Maidenhead, ENG"]
[Date "2019.11.09"]
[Round "1.85"]
[White "Fraser, Susanna"]
[Black "Bowcott-Terry, Silas"]
[Result "1-0"]
[WhiteElo "1621"]
[BlackElo "1450"]
[PlyCount "79"]
[EventDate "2019.11.09"]
[WhiteTeam "Fischer's Catch"]
[BlackTeam "Warwickshire Select 3"]

1. d4 d5 2. c4 e6 3. Nf3 Nf6 4. g3 Nc6 5. Bg2 Be7 6. O-O Bd7 7. Nc3 a6 8. Ne5
dxc4 9. Nxc4 Rb8 10. Re1 Bb4 11. Qd3 Na5 12. a3 Bxc3 13. Qxc3 Nxc4 14. Qxc4 Bb5
15. Qc3 Nd5 16. Qc2 O-O 17. e4 Nb6 18. Rd1 Qd7 19. Bf4 Rbc8 20. Rac1 Qc6 21.
Qb1 Qd7 22. b3 Be2 23. Rd2 Bh5 24. Qb2 c6 25. Qc3 Rcd8 26. Qc5 Nc8 27. Qxh5 g6
28. Qc5 Ne7 29. Bh6 Rfe8 30. Qe5 f6 31. Qxf6 Nc8 32. d5 exd5 33. exd5 Nb6 34.
dxc6 Qc7 35. Rxd8 Rxd8 36. cxb7 Qd7 37. Qxb6 Rb8 38. Rc8+ Rxc8 39. bxc8=Q+ Qxc8
40. Bd5+ 1-0

[Event "4NCL Division 4 South"]
[Site "Maidenhead, ENG"]
[Date "2019.11.09"]
[Round "1.86"]
[White "Sandhu, Ravi"]
[Black "Jaberansari, Daniel"]
[Result "0-1"]
[WhiteElo "1300"]
[BlackElo "1410"]
[PlyCount "64"]
[EventDate "2019.11.09"]
[WhiteTeam "Warwickshire Select 3"]
[BlackTeam "Fischer's Catch"]

1. e4 e6 2. d4 d5 3. Be3 dxe4 4. Nc3 Nf6 5. f3 Bb4 6. Bg5 h6 7. Bxf6 Qxf6 8.
fxe4 Qh4+ 9. Ke2 Bxc3 10. bxc3 Qxe4+ 11. Kd2 O-O 12. Bd3 Qf4+ 13. Ke1 Re8 14.
Nf3 Nc6 15. g3 Qe3+ 16. Qe2 Qxe2+ 17. Kxe2 e5 18. dxe5 Nxe5 19. Kf2 Nxf3 20.
Kxf3 Bd7 21. Rhd1 Bc6+ 22. Kf2 Re6 23. Bf5 Rf6 24. g4 g6 25. Re1 gxf5 26. gxf5
Rxf5+ 27. Kg3 Rf3+ 28. Kh4 Re8 29. Rg1+ Kh7 30. Rg4 Ree3 31. Kh5 Rh3+ 32. Rh4
Bf3# 0-1

[Event "4NCL Division 4 South"]
[Site "Maidenhead, ENG"]
[Date "2019.11.09"]
[Round "1.91"]
[White "Deacon, David J"]
[Black "Matthews, Adrian M S"]
[Result "1-0"]
[WhiteElo "1615"]
[BlackElo "1830"]
[PlyCount "109"]
[EventDate "2019.11.09"]
[WhiteTeam "Wessex D"]
[BlackTeam "MK Phoenix 2"]

1. d4 Nf6 2. c4 c5 3. d5 b5 4. cxb5 a6 5. bxa6 Bxa6 6. Nc3 g6 7. Nf3 d6 8. e4
Bxf1 9. Kxf1 Bg7 10. g3 O-O 11. Kg2 Nbd7 12. Re1 Qb6 13. a4 Rfb8 14. Nb5 Ne8
15. Ra3 Nc7 16. Nxc7 Qxc7 17. Qc2 Rb4 18. b3 c4 19. Bd2 c3 20. Be3 Rc8 21. Rd1
Nc5 22. Bd4 Na6 23. Bxg7 Kxg7 24. Nd4 Qc5 25. Nc6 Rb7 26. b4 Nxb4 27. Qxc3+
Qxc3 28. Rxc3 Na6 29. Rdc1 Nc5 30. Rc4 Ra8 31. a5 Nb3 32. Rb1 Nxa5 33. Rxb7
Nxb7 34. Nxe7 Nc5 35. e5 Nd3 36. exd6 Rd8 37. Nc8 Ne5 38. Rc7 Kf8 39. h3 Nd3
40. d7 Ne5 41. Nb6 Ke7 42. f4 Nxd7 43. Kf3 Kd6 44. Rxd7+ Rxd7 45. Nxd7 Kxd7 46.
Ke4 Kd6 47. g4 f6 48. g5 Ke7 49. Kd4 fxg5 50. fxg5 Kd6 51. h4 Kd7 52. Ke5 Ke7
53. d6+ Kd7 54. Kd5 Ke8 55. Ke6 1-0

[Event "4NCL Division 4 South"]
[Site "Maidenhead, ENG"]
[Date "2019.11.09"]
[Round "1.93"]
[White "Deacon, Matthew"]
[Black "Whiteside, Robert"]
[Result "0-1"]
[WhiteElo "1244"]
[BlackElo "1792"]
[PlyCount "106"]
[EventDate "2019.11.09"]
[WhiteTeam "Wessex D"]
[BlackTeam "MK Phoenix 2"]

1. d4 Nf6 2. c4 c5 3. d5 b5 4. b3 g6 5. Bb2 Bg7 6. Qc2 O-O 7. e3 d6 8. Bd3 bxc4
9. bxc4 Nbd7 10. Nf3 Rb8 11. Nc3 Ba6 12. O-O Nxd5 13. cxd5 Bxd3 14. Qxd3 Rxb2
15. Rfb1 Qa5 16. Rxb2 Qxc3 17. Qxc3 Bxc3 18. Rab1 Bxb2 19. Rxb2 Rb8 20. Rxb8+
Nxb8 21. Nd2 Nd7 22. Nc4 Nb6 23. Nxb6 axb6 24. Kf1 Kf8 25. a4 Ke8 26. Ke2 Kd8
27. Kd3 Kc7 28. Kc4 e6 29. e4 e5 30. f3 g5 31. g3 h5 32. h3 Kb7 33. Kb5 Kc7 34.
Kc4 Kb8 35. h4 gxh4 36. gxh4 Kc7 37. Kb5 Kb7 38. a5 bxa5 39. Kxa5 c4 40. Kb4
Kb6 41. Kxc4 Ka5 42. Kc3 Kb5 43. Kb3 Kc5 44. Kc3 f6 45. Kd3 Kb4 46. Kd2 Kc4 47.
Kc2 f5 48. exf5 Kxd5 49. Kd3 Kc6 50. Kd2 d5 51. Kd3 Kd6 52. Kc3 Ke7 53. Kd3 Kf6
0-1

[Event "4NCL Division 4 South"]
[Site "Maidenhead, ENG"]
[Date "2019.11.09"]
[Round "1.94"]
[White "Obi, Marc On"]
[Black "Deacon, Nicholas"]
[Result "1-0"]
[WhiteElo "1802"]
[BlackElo "1300"]
[PlyCount "77"]
[EventDate "2019.11.09"]
[WhiteTeam "MK Phoenix 2"]
[BlackTeam "Wessex D"]

1. d4 Nf6 2. Bf4 g6 3. Nc3 d6 4. e4 Bg7 5. Qd2 Nc6 6. O-O-O O-O 7. Bh6 Rb8 8.
h4 a6 9. Be2 e5 10. d5 Nd4 11. f3 b5 12. g4 b4 13. Nb1 b3 14. axb3 Rxb3 15. Bd3
c5 16. Qg5 Rb8 17. h5 Nd7 18. hxg6 Qxg5+ 19. Bxg5 fxg6 20. Be7 Rf4 21. Bxd6
Nxf3 22. Bxb8 Nxb8 23. Nxf3 Rxf3 24. g5 Rg3 25. Rhg1 Rh3 26. Rdf1 Nd7 27. Nd2
Bf8 28. b3 Bd6 29. Kb2 Bc7 30. Ra1 Bb6 31. Rg2 c4 32. Nxc4 Bd4+ 33. c3 Rxd3 34.
cxd4 Rxd4 35. Nd6 Nb6 36. Nxc8 Nxc8 37. Rxa6 Ne7 38. Re6 Nc8 39. Re8+ 1-0